The Legend of Zelda Spiele erkennen - Statistiken

Allgemein
  • Dieses Quiz wurde 463 mal gespielt
  • Das Durchschnittsergebnis liegt bei 12 aus 16
Antwortstatistiken
Bildquiz Antwort % Korrekt
Breath of the Wild
96%
Tears of the Kingdom
93%
Ocarina of Time
91%
Majora's Mask
89%
Wind Waker
87%
Skyward Sword
86%
Twilight Princess
85%
Link's Awakening
81%
A Link between Worlds
73%
A Link to the Past
73%
Four swords Adventures
72%
Minish Cap
71%
Spirit Tracks
68%
Phantom Hourglass
64%
Oracle of Seasons & Oracle of Ages
58%
Triforce Heroes
58%
Keine übereinstimmenden Quizze gefunden
Verteilung der Resultate
Anzahl Personen mit jedem Resultat
Perzentil nach korrekt beantworteten Fragen
Ihre Resultats-Entwicklung
Sie haben dieses Quiz noch nicht gespielt